Normal view
MARC view
Entry Personal Name
001 - CONTROL NUMBER
- control field: 263478
003 - CONTROL NUMBER IDENTIFIER
- control field: OSt
005 - DATE AND TIME OF LATEST TRANSACTION
- control field: 20260507123928.0
008 - FIXED-LENGTH DATA ELEMENTS
- fixed length control field: 260507|| aca||aabn | a|a d
040 ## - CATALOGING SOURCE
- Original cataloging agency: OSt
- Transcribing agency: OSt
100 ## - HEADING--PERSONAL NAME
- Personal name: SHIVAPPA (D S).
- Dates associated with a name: ಶಿವಪ್ಪ (ಡಿ ಎಸ್)
670 ## - SOURCE DATA FOUND
- Source citation: Work cat.: (OSt)94868: SHIVAPPA (D S). ಶಿವಪ್ಪ (ಡಿ ಎಸ್), Vaidyarannu yavaga kanabeku?, 1980